| 000 | 00595nam a2200241Ia 4500 | ||
|---|---|---|---|
| 008 | 181129s9999 xx 000 0 und d | ||
| 020 | _a9780531210079 | ||
| 050 | _bC524 2008 | ||
| 100 | _aCheshire, Gerard | ||
| 245 | 0 | _aLizard : | |
| 245 | 0 | _bscary creatures / | |
| 245 | 0 | _cby Gerard Cheshire ; created by David Salariya. | |
| 260 | _aNew York, NY : | ||
| 260 | _bFranklin Watts, | ||
| 260 | _c2008 | ||
| 300 | _a32 pages : | ||
| 300 | _bcolor illustrations ; | ||
| 300 | _c28cm. | ||
| 500 | _a980L | ||
| 650 | _aLizard. | ||
| 700 | _aCheshire, Gerard. | ||
| 700 | _aTitle. | ||
| 999 |
_c359858 _d359858 |
||